书目信息 |
| 题名: |
外国哲学史研究集刊
|
|
| 作者: | ;中国社会科学院哲学研究所西方哲学史研究室 编 | |
| 分册: | 7 | |
| 出版信息: | 上海 上海人民出版社 1985.09 |
|
| 页数: | 367页 | |
| 开本: | 19cm | |
| 丛书名: | ||
| 单 册: | ||
| 中图分类: | B1 | |
| 科图分类: | ||
| 主题词: | 哲学--世界 | |
| 电子资源: | ||
| ISBN: | ||
| 000 | 00798nam0 2200217 45 | |
| 001 | 0303061052 | |
| 005 | 20040508101007.4 | |
| 010 | @dCNY1.75 | |
| 091 | @a2074.445 | |
| 100 | @a20030306d1985 km y0chiy0120 ea | |
| 101 | 0 | @achi |
| 105 | @a z 000yy | |
| 200 | 1 | @a外国哲学史研究集刊@AWai Guo Zhe Xue Shi Yan Jiu Ji Kan@e中世纪哲学研究@EZhong Shi Ji Zhe Xue Yan Jiu@h7@f中国社会科学院哲学研究所西方哲学史研究室编@FZhong Guo She Hui Ke Xue Yuan Zhe Xue Yan Jiu Suo Xi Fang Zhe Xue Shi Yan Jiu Shi Bian |
| 210 | @a上海@c上海人民出版社@d1985.09 | |
| 215 | @a367页@d19cm | |
| 517 | @a中世纪哲学研究@AZhong Shi Ji Zhe Xue Yan Jiu | |
| 606 | 0 | @a哲学@x世界 |
| 690 | @aB1@v3 | |
| 711 | 02 | @a中国社会科学院哲学研究所西方哲学史研究室@4编 |
| 801 | @aCN@bTSTC@c20030306 | |
| 905 | @dB1@e19:7@f1@b161536 | |
| 外国哲学史研究集刊:中世纪哲学研究.7/中国社会科学院哲学研究所西方哲学史研究室编.-上海:上海人民出版社,1985.09 |
| 367页;19cm |
| ISBN :CNY1.75 |
| ● |
| 相关链接 |
|
|
|
|
正题名:外国哲学史研究集刊
索取号:B1/19:7
 
预约/预借
| 序号 | 登录号 | 条形码 | 馆藏地/架位号 | 状态 | 备注 |
| 1 | 0161536 | 001124018 | 密集书库/ [索取号:B1/19:7] | 在馆 | |
| 2 | 0161537 | 001759528 | 第一样本阅览室/ [索取号:B1/19:7] | 在馆 |